| 000 | 00875nam a2200277 i 4500 | ||
|---|---|---|---|
| 001 | bg | ||
| 003 | BPK | ||
| 005 | 20191116104813.0 | ||
| 008 | 150629s1977 pl a f 000 0 pol | ||
| 015 | _aPB 1978/1236 | ||
| 040 |
_aWA N _cBPK |
||
| 080 | _a696/697 | ||
| 080 | _a628.8 | ||
| 100 | 1 | _aCeliński, Józef. | |
| 245 | 1 | 0 |
_aTechnologia instalacji ogrzewczych i ciepłowniczych / _cJózef Celiński, Zygmunt Wasilewski. |
| 250 | _aWyd. 2. | ||
| 260 |
_aWarszawa : _b"Arkady", _c1977. |
||
| 300 |
_a202, [1] s. : _bil. ; _c24 cm. |
||
| 504 | _aBibliogr. s. 202. | ||
| 650 | 4 | _aSieć cieplna | |
| 650 | 4 | _aInstalacje sanitarne | |
| 700 | 1 | _aWasilewski, Zygmunt. | |
| 710 | 2 |
_aWydawnictwo "Arkady". _4pbl. |
|
| 856 |
_uhttp://koha.tu.koszalin.pl/cgi-bin/koha/opac-detail.pl?biblionumber=17653 _yKatalog online BPK |
||
| 942 |
_2UKD _cKS |
||
| 999 |
_c17653 _d17653 |
||